[Event "BCF-chT4S 1617 (4NCL)"]
[Site "England"]
[Date "2016.11.27"]
[Round "2.26"]
[White "Virin, Daniel"]
[Black "Goodwin, Ed H"]
[Result "0-1"]
[WhiteElo "1465"]
[BlackElo "1907"]
[PlyCount "126"]
[EventDate "2016.11.26"]
[EventType "team-swiss"]
[EventRounds "11"]
[EventCountry "ENG"]
[SourceTitle "EXT 2019"]
[Source "ChessBase"]
[SourceDate "2018.10.10"]
[SourceVersion "1"]
[SourceVersionDate "2018.10.10"]
[SourceQuality "1"]
[WhiteTeam "Barnet Knights III"]
[BlackTeam "Throw in the Tal"]
[WhiteTeamCountry "ENG"]
[BlackTeamCountry "ENG"]

1. e4 e6 2. Nf3 d5 3. exd5 exd5 4. d4 Bd6 5. Nc3 c6 6. Be2 Ne7 7. 0-0 0-0 8. Bg5 Qc7 9. g3 h6 10. Bxe7 Bxe7 11. Re1 Bd6 12. Bf1 Bg4 13. Bg2 Nd7 14. h3 Bh5 15. Kh2 Nf6 16. Qd2 Bg6 17. Ne5 Bh7 18. Bf3 b5 19. Ng4 Nxg4+ 20. Bxg4 Bg6 21. Nd1 h5 22. Bf3 h4 23. Qg5 hxg3+ 24. fxg3 Rae8 25. Rxe8 Rxe8 26. Nf2 Bxc2 27. Rg1 Qe7 28. Qg4 Qf6 29. h4 Bf5 30. Qh5 Be4 31. Nxe4 dxe4 32. Be2 Qxd4 33. Rf1 Re7 34. Qg4 Re6 35. Bf3 Qxb2+ 36. Kh3 exf3 37. Qxf3 Rf6 38. Qd1 Rxf1 39. Qxf1 Qe5 40. Qf3 Qxg3+ 41. Qxg3 Bxg3 42. Kxg3 Kh7 43. Kf4 Kh6 44. Ke5 c5 45. Kd5 c4 46. Kd4 f5 47. a4 bxa4 48. Kxc4 f4 49. Kb4 f3 50. Kxa4 f2 51. Ka5 f1Q 52. Kb4 a5+ 53. Kxa5 Qb1 54. Ka4 Qb2 55. Ka5 Kh5 56. Ka4 g6 57. Ka5 Kxh4 58. Ka4 g5 59. Ka5 g4 60. Ka4 g3 61. Ka5 g2 62. Ka6 g1Q 63. Ka5 Qga1# 0-1